000 00508nam a22001817a 4500
008 170612b xxu||||| |||| 00| | tur d
020 _a9759056240
041 _atur
050 _aPL219
100 _aAda, Ahmet
_9289
245 _aŞiir İçin Boş Levhalar
250 _a1. baskı
260 _aİstanbul
_bDigraf Yayıncılık, Şiirden
_cEylül 2006
300 _a203 sayfa
500 _aDigraf Yayıncılık: 23; Deneme İnceleme Eleştiri: 11
650 0 _9145
_aTürk Edebiyatı
942 _2lcc
_cBK
999 _c1608
_d1583